Asia Pacific industrial market overview (Record no. 107736)

MARC details
000 -LEADER
fixed length control field 01351cad a22002295a 4500
001 - CONTROL NUMBER
control field L141687
008 - FIXED-LENGTH DATA ELEMENTS--GENERAL INFORMATION
fixed length control field 071213s2007 xxkad f s 000 0 eng d
035 ## - SYSTEM CONTROL NUMBER
System control number (Sirsi) u141687
041 0# - LANGUAGE CODE
Language code of text/sound track or separate title eng
050 04 - LIBRARY OF CONGRESS CALL NUMBER
Classification number 333.336 $2 18
110 2# - MAIN ENTRY--CORPORATE NAME
Corporate name or jurisdiction name as entry element Colliers International Property Consultants
9 (RLIN) 1881
245 00 - TITLE STATEMENT
Title Asia Pacific industrial market overview
Medium [electronic resource]
260 ## - PUBLICATION, DISTRIBUTION, ETC.
Place of publication, distribution, etc. Singapore
Name of publisher, distributor, etc. Colliers
Date of publication, distribution, etc. 2007
490 #0 - SERIES STATEMENT
Series statement Colliers Asia Pacific Industrial Market Overview
Volume/sequential designation November 2007
520 ## - SUMMARY, ETC.
Summary, etc. Reviews the period April to September 2007. Finds that demand for industrial properties during the review period was robust. Industrial property markets were boosted by spillover demand from robust office markets. Rents in single-user industrial premises reached up to 50% growth in the review period. Singapore had the highest rent increase, 17.4%. In addition, capital values increased across the region, with India registering the largest increase of up to 49.4%. Expects demand, values and rents for industrial facilities to rise.
590 ## - LOCAL NOTE (RLIN)
Local note KA
650 24 - SUBJECT ADDED ENTRY--TOPICAL TERM
Topical term or geographic name entry element COLLIERS ASIA PACIFIC INDUSTRIAL MARKET OVERVIEW
651 #4 - SUBJECT ADDED ENTRY--GEOGRAPHIC NAME
Geographic name Asia Pacific
690 ## - LOCAL SUBJECT ADDED ENTRY--TOPICAL TERM (OCLC, RLIN)
Topical term or geographic name as entry element PROPERTY-COMMERCIAL PROPERTY-COMMERCIAL PROPERTY MARKET
856 40 - ELECTRONIC LOCATION AND ACCESS
Uniform Resource Identifier <a href="https://www.colliers.com/">https://www.colliers.com/</a>
Public note View this report free of charge under Asia Pacific at www.colliers.com...
942 ## - ADDED ENTRY ELEMENTS (KOHA)
Suppress in OPAC 0
Holdings
Withdrawn status Lost status Source of classification or shelving scheme Damaged status Not for loan Home library Current library Shelving location Date acquired Total Checkouts Full call number Barcode Date last seen Copy number Price effective from Koha item type
    Dewey Decimal Classification     Virtual Virtual Online 13/12/2007   ONLINE PUBLICATION 141687-1001 06/08/2019 1 06/08/2019 Book